Physiological Mechanisms and Adaptation Strategies in Plants Under Changing Environment Volume 2 /

Abiotic stress has a detrimental impact on the living organisms in a specific environment and constitutes a major constraint to global agricultural production. The adverse environmental conditions that plants encounter during their life cycle not only disturb their metabolic reactions, but also hamp...

Πλήρης περιγραφή

Λεπτομέρειες βιβλιογραφικής εγγραφής
Συγγραφή απο Οργανισμό/Αρχή: SpringerLink (Online service)
Άλλοι συγγραφείς: Ahmad, Parvaiz (Επιμελητής έκδοσης), Wani, Mohd Rafiq (Επιμελητής έκδοσης)
Μορφή: Ηλεκτρονική πηγή Ηλ. βιβλίο
Γλώσσα:English
Έκδοση: New York, NY : Springer New York : Imprint: Springer, 2014.
Θέματα:
Διαθέσιμο Online:Full Text via HEAL-Link
LEADER 04047nam a22005415i 4500
001 978-1-4614-8600-8
003 DE-He213
005 20151204163738.0
007 cr nn 008mamaa
008 131202s2014 xxu| s |||| 0|eng d
020 |a 9781461486008  |9 978-1-4614-8600-8 
024 7 |a 10.1007/978-1-4614-8600-8  |2 doi 
040 |d GrThAP 
050 4 |a QK1-989 
072 7 |a PST  |2 bicssc 
072 7 |a SCI011000  |2 bisacsh 
072 7 |a NAT026000  |2 bisacsh 
082 0 4 |a 580  |2 23 
245 1 0 |a Physiological Mechanisms and Adaptation Strategies in Plants Under Changing Environment  |h [electronic resource] :  |b Volume 2 /  |c edited by Parvaiz Ahmad, Mohd Rafiq Wani. 
264 1 |a New York, NY :  |b Springer New York :  |b Imprint: Springer,  |c 2014. 
300 |a XVI, 394 p. 28 illus., 13 illus. in color.  |b online resource. 
336 |a text  |b txt  |2 rdacontent 
337 |a computer  |b c  |2 rdamedia 
338 |a online resource  |b cr  |2 rdacarrier 
347 |a text file  |b PDF  |2 rda 
505 0 |a Biochemical and Molecular Approaches for Drought Tolerance in Plants -- Heavy-Metal Attack on Freshwater Side: Physiological Defense Strategies of Macrophytes and Ecotoxicological Ops -- Secondary Metabolites and Environmental Stress in Plants: Biosynthesis, Regulation and Function -- Major Phytohormones under Abiotic Stress -- Nitric Oxide: Role in Plants under Abiotic Stress -- Brassinosteroids: Improving Crop Productivity and Abiotic Stress Tolerance -- Ethylene: Role in Plants under Environmental Stress -- Scenario of Climate Changes in the Context of Agriculture -- Importance of Protective Compounds in Stress Tolerance -- Growth Patterns of Tomato Plants Subjected to Two Non-Conventional Abiotic Stresses: UV-C Irradiations and Electric Fields -- Rhizobacteria: Restoration of Heavy Metal Contaminated Soils -- Potassium and Sodium Transport Channels under NaCl Stress -- Jatropha curcas: An Overview. 
520 |a Abiotic stress has a detrimental impact on the living organisms in a specific environment and constitutes a major constraint to global agricultural production. The adverse environmental conditions that plants encounter during their life cycle not only disturb their metabolic reactions, but also hamper their growth and development on cellular and whole plant levels. These conditions are of great concern, particularly for those countries whose economies primarily rely on agriculture. Under abiotic stresses, plants amalgamate multiple external stress cues to bring about a coordinated response and establish mechanisms to mitigate such stresses by triggering a cascade of events leading to enhanced tolerance. Physiological Mechanisms and Adaptation Strategies in Plants under Changing Environment, Volume 2 displays the ways by which plants utilize and integrate many common signals and subsequent pathways to cope with less favourable environmental conditions. The book also describes the use of contemporary tools for the improvement of plants under such stressed environments. Concise yet comprehensive,  Physiological Mechanisms and Adaptation Strategies in Plants under Changing Environment, Volume 2 is an indispensable resource for researchers, students, environmentalists and many others in this burgeoning area of research. 
650 0 |a Life sciences. 
650 0 |a Plant biochemistry. 
650 0 |a Cell biology. 
650 0 |a Plant science. 
650 0 |a Botany. 
650 0 |a Plant physiology. 
650 0 |a Plant breeding. 
650 1 4 |a Life Sciences. 
650 2 4 |a Plant Sciences. 
650 2 4 |a Plant Physiology. 
650 2 4 |a Plant Breeding/Biotechnology. 
650 2 4 |a Plant Biochemistry. 
650 2 4 |a Cell Biology. 
700 1 |a Ahmad, Parvaiz.  |e editor. 
700 1 |a Wani, Mohd Rafiq.  |e editor. 
710 2 |a SpringerLink (Online service) 
773 0 |t Springer eBooks 
776 0 8 |i Printed edition:  |z 9781461485995 
856 4 0 |u http://dx.doi.org/10.1007/978-1-4614-8600-8  |z Full Text via HEAL-Link 
912 |a ZDB-2-SBL 
950 |a Biomedical and Life Sciences (Springer-11642)